Modern earth science / (Record no. 10855)
[ view plain ]
| 000 -LEADER | |
|---|---|
| fixed length control field | 00879cam a2200289 a 4500 |
| 001 - CONTROL NUMBER | |
| control field | 10855 |
| 003 - CONTROL NUMBER IDENTIFIER | |
| rucl marc code | BD-RjUL |
| 005 - DATE AND TIME OF LATEST TRANSACTION | |
| control field | 20211208235028.0 |
| 008 - FIXED-LENGTH DATA ELEMENTS--GENERAL INFORMATION | |
| fixed length control field | 140125s1965 nyu 000 0 eng d |
| 035 ## - SYSTEM CONTROL NUMBER | |
| System control number | (BD-RjUL)10904 |
| 040 ## - CATALOGING SOURCE | |
| Original cataloging agency | ANL |
| Language of cataloging | eng |
| Transcribing agency | ANL |
| Modifying agency | ABN-SNR |
| -- | BD-RjUL |
| 041 ## - LANGUAGE CODE | |
| Language code of text/sound track or separate title | eng |
| 082 04 - DEWEY DECIMAL CLASSIFICATION NUMBER | |
| Classification number | 550 |
| Author mark and year | RAM 1965 |
| 100 1# - MAIN ENTRY--PERSONAL NAME | |
| Personal name | Ramsey, William L. |
| 9 (RLIN) | 33560 |
| 245 10 - TITLE STATEMENT | |
| Title | Modern earth science / |
| Statement of responsibility, etc. | by William L. Ramsey [and] Raymond A. Burckley. |
| 260 ## - PUBLICATION, DISTRIBUTION, ETC. (IMPRINT) | |
| Place of publication, distribution, etc. | New York : |
| Name of publisher, distributor, etc. | Holt, Rinehart and Winston, |
| Date of publication, distribution, etc. | 1965. |
| 300 ## - PHYSICAL DESCRIPTION | |
| Pagination | viii, 664 p. : |
| Illustrations | illus. (part col.) port. ; |
| Size | 24 cm. |
| 490 0# - SERIES STATEMENT | |
| Series statement | Holt library of science |
| 504 ## - BIBLIOGRAPHY, ETC. NOTE | |
| Bibliography, etc | Includes index. |
| 650 #0 - SUBJECT ADDED ENTRY--TOPICAL TERM | |
| Topical term or geographic name as entry element | Physical geography. |
| 9 (RLIN) | 33561 |
| Topical term or geographic name as entry element | Geology. |
| 9 (RLIN) | 33562 |
| Topical term or geographic name as entry element | Meteorology. |
| 9 (RLIN) | 33563 |
| 651 #0 - SUBJECT ADDED ENTRY--GEOGRAPHIC NAME | |
| Geographic name | Earth (Planet) |
| 9 (RLIN) | 33564 |
| 700 1# - ADDED ENTRY--PERSONAL NAME | |
| Personal name | Burckley, Raymond A. |
| 942 ## - ADDED ENTRY ELEMENTS (KOHA) | |
| Source of classification or shelving scheme | Dewey Decimal Classification |
| Koha item type | Books |
| Lost status | Source of classification or shelving scheme | Damaged status | Not for loan | Collection code | Permanent Location | Current Location | Shelving location | Date acquired | Source of acquisition | Total Checkouts | Full call number | Date last seen | Copy number | Koha item type | Cost, normal purchase price | Date checked out |
|---|---|---|---|---|---|---|---|---|---|---|---|---|---|---|---|---|
| Dewey Decimal Classification | Non-fiction | Central Library, University of Rajshahi | Central Library, University of Rajshahi | 27/12/1973 | U. S. A. Govt. gift | 550 RAM 1965 | 25/01/2014 | C-4 | Books | |||||||
| Dewey Decimal Classification | Non-fiction | Central Library, University of Rajshahi | Central Library, University of Rajshahi | 27/12/1973 | USA Govt. gift | 550 RAM 1965 | 29/01/2014 | C-6 | Books | |||||||
| Dewey Decimal Classification | Not For Loan | Non-fiction | Central Library, University of Rajshahi | Central Library, University of Rajshahi | Reading Room | 27/11/1965 | Zeitlinger | 550 RAM 1965 | 10/04/2017 | C-1 | Books | 48.00 | ||||
| Dewey Decimal Classification | Non-fiction | Central Library, University of Rajshahi | Central Library, University of Rajshahi | 27/12/1973 | U.S. Govt. | 550 RAM 1965 | 16/05/2017 | C-2 | Books | |||||||
| Dewey Decimal Classification | Non-fiction | Central Library, University of Rajshahi | Central Library, University of Rajshahi | 27/12/1973 | U.S. Govt. | 550 RAM 1965 | 16/05/2017 | C-3 | Books | |||||||
| Dewey Decimal Classification | Non-fiction | Central Library, University of Rajshahi | Central Library, University of Rajshahi | 27/12/1973 | U.S. Govt. | 1 | 550 RAM 1965 | 18/09/2018 | C-5 | Books | 06/09/2018 | |||||
| Dewey Decimal Classification | Non-fiction | Central Library, University of Rajshahi | Central Library, University of Rajshahi | 27/12/1973 | U.S. Govt | 550 RAM 1965 | 16/05/2017 | C-7 | Books | |||||||
| Dewey Decimal Classification | Non-fiction | Central Library, University of Rajshahi | Central Library, University of Rajshahi | 27/12/1973 | U.S. Govt | 550 RAM 1965 | 16/05/2017 | C-8 | Books | |||||||
| Dewey Decimal Classification | Non-fiction | Central Library, University of Rajshahi | Central Library, University of Rajshahi | 27/12/1973 | U.S. Govt | 550 RAM 1965 | 16/05/2017 | C-9 | Books | |||||||
| Dewey Decimal Classification | Non-fiction | Central Library, University of Rajshahi | Central Library, University of Rajshahi | 27/12/1973 | U.S. Govt | 2 | 550 RAM 1965 | 22/09/2022 | C-10 | Books | 06/09/2022 | |||||
| Dewey Decimal Classification | Non-fiction | Central Library, University of Rajshahi | Central Library, University of Rajshahi | 27/12/1973 | U.S. Govt. | 550 RAM 1965 | 12/01/2019 | C-11 | Books | |||||||
| Dewey Decimal Classification | Non-fiction | Central Library, University of Rajshahi | Central Library, University of Rajshahi | 27/12/1973 | U.S. Govt. | 550 RAM 1965 | 20/01/2019 | C-12 | Books |